<?xml version="1.0" encoding="UTF-8"?>
<collection xmlns="http://www.loc.gov/MARC21/slim">
  <record>
    <leader>00000nam  2200000   4500</leader>
    <controlfield tag="001">INLIS000000000000634</controlfield>
    <controlfield tag="005">20180724135624</controlfield>
    <controlfield tag="008">180724|||||||||   |   |||   |||| ||   | </controlfield>
    <datafield tag="035" ind1=" " ind2=" ">
      <subfield code="0">010-0718000634</subfield>
    </datafield>
    <datafield tag="041" ind1=" " ind2=" ">
      <subfield code="a">id</subfield>
    </datafield>
    <datafield tag="082" ind1=" " ind2=" ">
      <subfield code="a">012</subfield>
    </datafield>
    <datafield tag="090" ind1=" " ind2=" ">
      <subfield code="a">R.012 PIM I 2015</subfield>
    </datafield>
    <datafield tag="100" ind1=" " ind2=" ">
      <subfield code="a">Sudiatmo, Bambang</subfield>
    </datafield>
    <datafield tag="245" ind1=" " ind2=" ">
      <subfield code="a">Peningkatan Kinerja Kementerian PUPR Melalui Penegakan Integritas Dalam Pengadaan Barang dan Jasa.</subfield>
    </datafield>
    <datafield tag="260" ind1=" " ind2=" ">
      <subfield code="a">Jakarta</subfield>
      <subfield code="b">LAN Jakarta</subfield>
      <subfield code="c">2015</subfield>
    </datafield>
    <datafield tag="300" ind1=" " ind2=" ">
      <subfield code="a">46 hlm.</subfield>
    </datafield>
    <datafield tag="500" ind1=" " ind2=" ">
      <subfield code="a">Proyek Perubahan mengenai Penegakan Integritas dalam Pengadaan Barang dan Jasa di Lingkungan Kementerian PUPR menjadi kunci utama dalam melaksanakan PBJ yang sesuai dengan 6 prinsip, khususnya efisiensi dan efektivitas. Penegakan integritas merupakan salah satu bagian dari upaya Reformasi Birokrasi dalam rangka menciptakan Good Governance. Fokus Proyek Perubahan ini adalah capacity building khususnya dengan sasaran sumber daya manusia aparatur pelaksana PBJ untuk meningkatkan integritasnya.</subfield>
    </datafield>
    <datafield tag="650" ind1=" " ind2=" ">
      <subfield code="a">Kinerja - Kementerian</subfield>
    </datafield>
  </record>
</collection>
